Library of the University of Algiers 3
Ibrahim Sultan Cheibout
شعار جامعة الجزائر 3
مكتبة جامعة الجزائر 3
إبراهيم سلطان شيبوط

رياضيات الإستثمار : (رقم التسجيلة. 44395)

تفاصيل مارك
000 -LEADER
fixed length control field 01087nam a2200241Ia 4500
003 - CONTROL NUMBER IDENTIFIER
control field Ost
005 - DATE AND TIME OF LATEST TRANSACTION
control field 20260507075411.0
008 - FIXED-LENGTH DATA ELEMENTS--GENERAL INFORMATION
fixed length control field 260507s9999||||xx |||||||||||||| ||und||
020 ## - INTERNATIONAL STANDARD BOOK NUMBER
International Standard Book Number ×093410977
040 ## - CATALOGING SOURCE
Transcribing agency fsecg
041 ## - LANGUAGE CODE
Language code of text/sound track or separate title ara
082 ## - DEWEY DECIMAL CLASSIFICATION NUMBER
Classification number 330
100 ## - MAIN ENTRY--PERSONAL NAME
Personal name مهدي، إبراهيم محمد
Relator term مؤلف
245 #0 - TITLE STATEMENT
Title رياضيات الإستثمار :
Remainder of title دراسة متقدمة في مجال التمويل والإستثمار /
Statement of responsibility, etc. إبراهيم محمد مهدي
260 ## - PUBLICATION, DISTRIBUTION, ETC.
Place of publication, distribution, etc. القاهرة:
Name of publisher, distributor, etc. المكتبة العصرية للنشر والتوزيع,
Date of publication, distribution, etc. 2009
300 ## - PHYSICAL DESCRIPTION
Extent 798 صفحة؛
Other physical details إيضاحات ؛
Dimensions 25 سم
504 ## - BIBLIOGRAPHY, ETC. NOTE
Bibliography, etc. note المراجع ص.797
520 ## - SUMMARY, ETC.
Summary, etc. يضم عدة فصول ويحتوي على بابين رئيسيين وهما الفوائد البسيطة في عمليات الإستثمار قصيرة الاجل والفوائد المركبة في عمليات الإستثمار طويلة الأجل
653 ## - INDEX TERM--UNCONTROLLED
Uncontrolled term الإستثمار
653 ## - INDEX TERM--UNCONTROLLED
Uncontrolled term التمويل
653 ## - INDEX TERM--UNCONTROLLED
Uncontrolled term الرياضيات التطبيقية
942 ## - ADDED ENTRY ELEMENTS (KOHA)
Koha item type كتب
المقتنيات
Withdrawn status Lost status Source of classification or shelving scheme Damaged status Not for loan Home library Current library Date acquired Serial enumeration / chronology Inventory number Total checkouts Full call number Barcode Date last seen Price effective from Koha item type
    Dewey Decimal Classification   NOT LOAN / إعارة داخلية مكتبة كلية العلوم الإقتصادية والعلوم التجارية وعلوم التسيير مكتبة كلية العلوم الإقتصادية والعلوم التجارية وعلوم التسيير 07/05/2026 الطابق الأرضي 27036   أ/4458ن1 27036 07/05/2026 07/05/2026 كتب
    Dewey Decimal Classification   Available مكتبة كلية العلوم الإقتصادية والعلوم التجارية وعلوم التسيير مكتبة كلية العلوم الإقتصادية والعلوم التجارية وعلوم التسيير 07/05/2026 الطابق الأرضي 27037   أ/4458ن2 27037 07/05/2026 07/05/2026 كتب
    Dewey Decimal Classification   Available مكتبة كلية العلوم الإقتصادية والعلوم التجارية وعلوم التسيير مكتبة كلية العلوم الإقتصادية والعلوم التجارية وعلوم التسيير 07/05/2026 الطابق الثاني 27038   أ/4458ن3 27038 07/05/2026 07/05/2026 كتب

موارد الويب المفتوحة


© University of Algiers 3 All Rights Reserved
|
Implemented by LECHELAH Riad